00285nam a2200109Ia 4500008004100000020001800041082001200059100002600071245003900097260001400136500002500150260604s9999 xx 000 0 und d a9781032608112 a330 CHA aShiladitya chatterjee 0aInclusive Economic Growth in India bRoutledge aEconomy, Development